<?xml version="1.0" encoding="UTF-8"?><?xml-stylesheet type="text/xsl" href="static/style.xsl"?><OAI-PMH xmlns="http://www.openarchives.org/OAI/2.0/" xmlns:xsi="http://www.w3.org/2001/XMLSchema-instance" xsi:schemaLocation="http://www.openarchives.org/OAI/2.0/ http://www.openarchives.org/OAI/2.0/OAI-PMH.xsd"><responseDate>2026-06-01T12:31:13Z</responseDate><request verb="GetRecord" identifier="oai:riuma.uma.es:10630/33323" metadataPrefix="marc">https://riuma.uma.es/rest/oai/request</request><GetRecord><record><header><identifier>oai:riuma.uma.es:10630/33323</identifier><datestamp>2026-02-03T11:09:17Z</datestamp><setSpec>com_10630_2254</setSpec><setSpec>col_10630_37953</setSpec></header><metadata><record xmlns="http://www.loc.gov/MARC21/slim" xmlns:dcterms="http://purl.org/dc/terms/" xmlns:doc="http://www.lyncode.com/xoai" xmlns:xsi="http://www.w3.org/2001/XMLSchema-instance" xsi:schemaLocation="http://www.loc.gov/MARC21/slim http://www.loc.gov/standards/marcxml/schema/MARC21slim.xsd">
   <leader>00925njm 22002777a 4500</leader>
   <datafield ind2=" " ind1=" " tag="042">
      <subfield code="a">dc</subfield>
   </datafield>
   <datafield ind2=" " ind1=" " tag="720">
      <subfield code="a">Mayorga-Chamorro, José Ignacio</subfield>
      <subfield code="e">author</subfield>
   </datafield>
   <datafield ind2=" " ind1=" " tag="260">
      <subfield code="c">2019-04-01</subfield>
   </datafield>
   <datafield ind2=" " ind1=" " tag="520">
      <subfield code="a">Una obra hasta la fecha inédita, pintada en México por Pedro López Calderón en 1716, ha sido identificada en el templo de la Virgen de Guadalupe en San Cristóbal de las Casas (Chiapas). Su descubrimiento aporta nuevos datos y permite reunir las escasas y dispersas referencias de la vida del artista. El análisis de la temática del cuadro, los santos mártires Ciriaco y Paula, patronos de la ciudad de Málaga (España), aborda la migración de una iconografía marcadamente local, así como su adaptación e interpretación por un pintor novohispano.</subfield>
   </datafield>
   <datafield ind1="8" ind2=" " tag="024">
      <subfield code="a">Mayorga, José Ignacio. 2019. «San Ciriaco Y Santa Paula, Patronos De Málaga, En Un Lienzo inédito De Pedro López Calderón». Anales Del Instituto De Investigaciones Estéticas 41 (114):68-111. https://doi.org/10.22201/iie.18703062e.2019.114.2666.</subfield>
   </datafield>
   <datafield ind1="8" ind2=" " tag="024">
      <subfield code="a">https://hdl.handle.net/10630/33323</subfield>
   </datafield>
   <datafield ind1="8" ind2=" " tag="024">
      <subfield code="a">10.22201/iie.18703062e.2019.114.2666</subfield>
   </datafield>
   <datafield tag="653" ind2=" " ind1=" ">
      <subfield code="a">López Calderón, Pedro</subfield>
   </datafield>
   <datafield ind2="0" ind1="0" tag="245">
      <subfield code="a">San Ciriaco y santa Paula, patronos de Málaga, en un lienzo inédito de Pedro López Calderón</subfield>
   </datafield>
</record>
</metadata></record></GetRecord></OAI-PMH>